[Event "Caro-Kann...or...can't? "]
[Site "SchemingMind.com"]
[Date "2022.10.12"]
[Round "-"]
[White "Clive Everill"]
[Black "Schaakmaatje"]
[Result "1/2-1/2"]
[WhiteCountry "CZE"]
[BlackCountry "NED"]
[WhiteElo "1685"]
[WhiteRD "60"]
[BlackElo "2103"]
[BlackRD "183"]
[GameID "727445"]

1. e4 c6 2. d4 d5 3. Nd2 dxe4 4. Nxe4 Bf5 5. Ng3 Bg6 6. Nf3 Nd7 7. h4 h6 8. h5 Bh7 9. Bd3 Bxd3 10. Qxd3 e6
11. Bd2 Ngf6 12. O-O-O Bd6 13. Ne4 Nxe4 14. Qxe4 Nf6 15. Qe2 Qc7 16. Ne5 O-O-O 17. Rh3 Bxe5 18. dxe5 Nd5 19. Rd3 Ne7 20. Bb4 Nd5
21. Bd2 Rd7 22. g3 Rhd8 23. c4 Nb6 24. Ba5 c5 25. Rxd7 Rxd7 26. Rxd7 Qxd7 27. Bxb6 axb6 28. Kc2 Kc7=
1/2-1/2

[Event "Caro-Kann...or...can't? "]
[Site "SchemingMind.com"]
[Date "2022.10.12"]
[Round "-"]
[White "Schaakmaatje"]
[Black "Clive Everill"]
[Result "1-0"]
[WhiteCountry "NED"]
[BlackCountry "CZE"]
[WhiteElo "2103"]
[WhiteRD "183"]
[BlackElo "1685"]
[BlackRD "60"]
[GameID "727446"]

1. e4 c6 2. d4 d5 3. Nd2 dxe4 4. Nxe4 Nf6 5. Nxf6+ exf6 6. c3 Bd6 7. Bd3 Be6 8. Qc2 Nd7 9. Ne2 Qc7 10. h3 c5
11. O-O c4 12. Be4 Nb6 13. f4 g6 14. Be3 O-O 15. f5 Bd7 16. Bh6 Rfe8 17. fxg6 Rxe4 18. gxf7+ Kxf7 19. Qxe4 Rh8 20. Rae1 Bc6
21. Qh4 Nd5 22. Nf4 Nxf4 23. Bxf4 Bxf4 24. Rxf4 Qd6 25. Qh5+ Kf8 26. Qh6+ Kf7 27. Rg4 Qf8 28. Qh5#
1-0

[Event "Caro-Kann...or...can't? "]
[Site "SchemingMind.com"]
[Date "2022.10.18"]
[Round "-"]
[White "Wojciech  Langer"]
[Black "Clive Everill"]
[Result "1/2-1/2"]
[WhiteCountry "INT"]
[BlackCountry "CZE"]
[WhiteElo "1624"]
[WhiteRD "95"]
[BlackElo "1715"]
[BlackRD "59"]
[GameID "727563"]

1. e4 c6 2. d4 d5 3. Nd2 Qc7 4. Ngf3 Bg4 5. Be2 dxe4 6. Nxe4 Nf6 7. Nxf6+ exf6 8. c3 Bd6 9. h3 Be6 10. O-O O-O
11. Bd3 Nd7 12. Re1 Rfe8 13. Bd2 Re7 14. Qc2 g6 15. Re2 Rae8 16. b3 Bd5 17. Rxe7 Rxe7 18. Nh4 f5 19. c4 Be6 20. Re1 f6
21. Qc1=
1/2-1/2

[Event "Caro-Kann...or...can't? "]
[Site "SchemingMind.com"]
[Date "2022.10.18"]
[Round "-"]
[White "Clive Everill"]
[Black "Wojciech  Langer"]
[Result "1-0"]
[WhiteCountry "CZE"]
[BlackCountry "INT"]
[WhiteElo "1658"]
[WhiteRD "59"]
[BlackElo "1620"]
[BlackRD "91"]
[GameID "727564"]

1. e4 c6 2. d4 d5 3. Nd2 dxe4 4. Nxe4 e5 5. Nf3 Be7 6. Nxe5 Nf6 7. Ng5 Be6 8. Nxe6 fxe6 9. Bg5 Nbd7 10. Bc4 Nd5
11. Bxe7 Kxe7 12. O-O Nxe5 13. dxe5 Qc7 14. Re1 Raf8 15. b3 Kd8 16. Bf1 Kc8 17. Qd4 Kb8 18. a3 c5 19. Qc4 Rf4 20. Qd3 g6
21. c4 Nb6 22. Qh3 Rf5 23. Bd3 Rxe5 24. Bxg6 Rxe1+ 25. Rxe1 e5 26. Be4 h6 27. Rd1 Rd8 28. Rxd8+ Qxd8 29. g3 Qd1+ 30. Kg2 Qd6
31. g4 Nd7 32. Qf3 Qc7 33. h4 b6 34. g5 hxg5 35. hxg5 Qd6 36. g6 Qe7 37. Bc6 Qg7 38. Qf5 Nf8 39. Be8 Qb7+ 40. Kg3 Qe7
41. Bf7 Nxg6 42. Bxg6 Qd6 43. Kg4 Qd1+ 44. f3 Qg1+ 45. Kh5 Qh2+ 46. Kg5 Qd2+ 47. Kf6 Qd8+ 48. Kg7 Qe7+ 49. Bf7 Qd6 50. Bd5 Qe7+
51. Qf7 Qg5+ 52. Kf8 Qh6+ 53. Ke8 Qh8+ 54. Qf8 Qh5+ 55. Kd7+
1-0

[Event "Caro-Kann...or...can't? "]
[Site "SchemingMind.com"]
[Date "2022.10.18"]
[Round "-"]
[White "Wojciech  Langer"]
[Black "Schaakmaatje"]
[Result "0-1"]
[WhiteCountry "INT"]
[BlackCountry "NED"]
[WhiteElo "1649"]
[WhiteRD "99"]
[BlackElo "2103"]
[BlackRD "183"]
[GameID "727565"]

1. e4 c6 2. d4 d5 3. Nd2 dxe4 4. Nxe4 Bf5 5. Ng5 Nf6 6. Bc4 e6 7. Be3 h6 8. N5f3 Be7 9. Qe2 Nd5 10. Bxd5 cxd5
11. Ne5 O-O 12. Ngf3 Nc6 13. Nxc6 bxc6 14. O-O a5 15. a4 Rb8 16. b3 Qc7 17. g3 c5 18. dxc5 Bxc5 19. Bf4 Bd6 20. Bxd6 Qxd6
21. Rac1 Rb4 22. Qe5 Qc5 23. Qe2 Bg4 24. Kg2 Re4 25. Qa6 Qc3 26. Qd3 Rc8 27. Qxc3 Rxc3 28. Nd2 Re2
0-1

[Event "Caro-Kann...or...can't? "]
[Site "SchemingMind.com"]
[Date "2022.10.18"]
[Round "-"]
[White "Schaakmaatje"]
[Black "Wojciech  Langer"]
[Result "1-0"]
[WhiteCountry "NED"]
[BlackCountry "INT"]
[WhiteElo "1989"]
[WhiteRD "140"]
[BlackElo "1624"]
[BlackRD "95"]
[GameID "727566"]

1. e4 c6 2. d4 d5 3. Nd2 e5 4. dxe5 dxe4 5. Nxe4 Qxd1+ 6. Kxd1 Nd7 7. f4 Nc5 8. Nxc5 Bxc5 9. Nf3 h6 10. Bd3 Bg4
11. Ke2 O-O-O 12. Be3 Bxe3 13. Kxe3 Ne7 14. h3 Bxf3 15. Kxf3 g6 16. Rad1 b5 17. g4 Nd5 18. c3 Kc7 19. a3 a6 20. c4 Nb6
21. b3 Rd7 22. cxb5 Rhd8 23. Ke2 axb5 24. Be4 Rxd1 25. Rxd1 Rxd1 26. Kxd1 Nd7 27. Kd2 Nc5 28. Bc2 Ne6 29. Ke3 c5 30. b4 Nd4
31. Bd1 Kb6 32. Ke4 Nc6 33. bxc5+ Kxc5 34. f5 g5 35. Bb3 Nd8 36. Bd5 f6 37. exf6 Kd6 38. Kd4 Kd7 39. Ke5 Ke8 40. Kd6
1-0

[Event "Caro-Kann...or...can't? "]
[Site "SchemingMind.com"]
[Date "2022.10.24"]
[Round "-"]
[White "Wojciech  Langer"]
[Black "witkatz"]
[Result "0-1"]
[WhiteCountry "INT"]
[BlackCountry "GER"]
[WhiteElo "1624"]
[WhiteRD "95"]
[BlackElo "1807"]
[BlackRD "71"]
[GameID "727614"]

1. e4 c6 2. d4 d5 3. Nd2 Qb6 4. exd5 cxd5 5. Ngf3 Nc6 6. Be2 Nf6 7. Nb3 Bf5 8. O-O e6 9. Bd3 Bxd3 10. Qxd3 Bd6
11. Bd2 O-O 12. h3 Rfe8 13. a3 e5 14. dxe5 Nxe5 15. Nxe5 Rxe5 16. Rfe1 Rae8 17. Rxe5 Bxe5 18. Bc3 Bxc3 19. Qxc3 Ne4 20. Nd4 Nxc3
0-1

[Event "Caro-Kann...or...can't? "]
[Site "SchemingMind.com"]
[Date "2022.10.24"]
[Round "-"]
[White "witkatz"]
[Black "Wojciech  Langer"]
[Result "1-0"]
[WhiteCountry "GER"]
[BlackCountry "INT"]
[WhiteElo "1790"]
[WhiteRD "72"]
[BlackElo "1620"]
[BlackRD "91"]
[GameID "727615"]

1. e4 c6 2. d4 d5 3. Nd2 e5 4. exd5 exd4 5. Ngf3 Nf6 6. dxc6 Nxc6 7. Bc4 Qe7+ 8. Qe2 Qxe2+ 9. Bxe2 Bc5 10. O-O Bf5
11. Re1 O-O 12. Bd3 Bxd3 13. cxd3 Nb4 14. Re5 b6 15. b3 Nxd3 16. Re2 Rfe8 17. Kf1 b5 18. a4 a6 19. Ba3 b4 20. Bc1 a5
21. Nc4 Ba7 22. Nxa5 Rac8 23. Nc4 Rxe2 24. Kxe2 Nc5 25. Nxd4 Nxa4 26. Rxa4 Bxd4 27. Rxb4 Re8+ 28. Be3 h6 29. Kd3 Ba1 30. Ra4 Rd8+
31. Kc2 Bd4 32. Bxd4 Rxd4 33. Ra6 Ng4 34. Kc3 Rf4 35. f3 Nxh2 36. b4
1-0

[Event "Caro-Kann...or...can't? "]
[Site "SchemingMind.com"]
[Date "2022.10.19"]
[Round "-"]
[White "Clive Everill"]
[Black "witkatz"]
[Result "0-1"]
[WhiteCountry "CZE"]
[BlackCountry "GER"]
[WhiteElo "1715"]
[WhiteRD "59"]
[BlackElo "1807"]
[BlackRD "71"]
[GameID "727616"]

1. e4 c6 2. d4 d5 3. Nd2 dxe4 4. Nxe4 Nd7 5. Ng5 Ngf6 6. Bd3 e6 7. N1f3 Bd6 8. Qe2 O-O 9. Nxe6 fxe6 10. Qxe6+ Kh8
11. Qxd6 Re8+ 12. Be3 Nd5 13. Ne5 Nxe5 14. dxe5 Qxd6 15. exd6 Nxe3 16. fxe3 Rxe3+ 17. Kd2 Re6 18. Rhf1 Bd7 19. Rf7 Rxd6 20. Raf1 g6
21. Kc1 b6 22. Rf8+ Rxf8 23. Rxf8+ Kg7 24. Rd8 Kf7 25. Bc4+ Ke7 26. Rh8 h5 27. Rh7+ Kf6 28. Rf7+ Kg5 29. Bd3 b5 30. Rg7 c5
31. Bxg6 Kh6 32. Rg8 Rxg6 33. Rh8+ Kg5 34. Rh7 Rd6 35. b3 a5 36. Rg7+ Kh6 37. Rg8 Bg4 38. Ra8 a4 39. bxa4 bxa4 40. Rxa4 Rd1+
41. Kb2 Rd2 42. Rc4 Rxg2 43. Rxc5 Rxh2 44. a4 h4 45. a5 h3 46. a6 Re2 47. Ka3 h2 48. Rc6+ Kg5 49. Rc5+ Kh4
0-1

[Event "Caro-Kann...or...can't? "]
[Site "SchemingMind.com"]
[Date "2022.10.20"]
[Round "-"]
[White "witkatz"]
[Black "Clive Everill"]
[Result "0-1"]
[WhiteCountry "GER"]
[BlackCountry "CZE"]
[WhiteElo "1807"]
[WhiteRD "71"]
[BlackElo "1715"]
[BlackRD "59"]
[GameID "727617"]

1. e4 c6 2. d4 d5 3. Nd2 g6 4. Ngf3 dxe4 5. Nxe4 Bf5 6. Ng3 Bg4 7. Be2 Bg7 8. c3 Nf6 9. h3 Bd7 10. O-O O-O
11. Bf4 Nd5 12. Be5 f6 13. Bxb8 Rxb8 14. Bc4 e6 15. h4 b5 16. Bd3 Nf4 17. Bc2 Nd5 18. Qd3 Nf4 19. Qe4 Bh6 20. h5 f5
21. Qe5 Qf6 22. hxg6 hxg6 23. Rae1 Rbd8 24. Ne2 Nd5 25. Qxf6 Nxf6 26. Ne5 Be8 27. Bb3 Nd5 28. a3 a5 29. g3 a4 30. Ba2 Bg7
31. f4 Bf6 32. Kf2 Kg7 33. Rh1 Rc8 34. Reg1 Rh8 35. Rxh8 Kxh8 36. Rh1+ Kg7 37. Kf3 g5 38. g4 Bxe5 39. fxe5 f4 40. Bb1 c5
41. Rh7+ Kg8 42. Ng1 cxd4 43. Nh3 dxc3 44. bxc3 Rxc3+ 45. Kg2 Ne3+ 46. Kh2 Bc6 47. Nxg5 Rc1 48. Rc7 Rh1#
0-1

[Event "Caro-Kann...or...can't? "]
[Site "SchemingMind.com"]
[Date "2022.10.19"]
[Round "-"]
[White "Schaakmaatje"]
[Black "witkatz"]
[Result "1-0"]
[WhiteCountry "NED"]
[BlackCountry "GER"]
[WhiteElo "2103"]
[WhiteRD "183"]
[BlackElo "1827"]
[BlackRD "78"]
[GameID "727618"]

1. e4 c6 2. d4 d5 3. Nd2 g6 4. Ngf3 Bg7 5. e5 Nh6 6. h3 f6 7. Bd3 O-O 8. O-O Bf5 9. Bxf5 Nxf5 10. g4 Nh6
11. e6 Qd6 12. Re1 Kh8 13. c4 b6 14. c5 bxc5 15. dxc5 Qxc5 16. Nb3 Qd6 17. Be3 g5 18. Nc5 f5 19. Qc2 f4 20. Nxg5 fxe3
21. Qxh7#
1-0

[Event "Caro-Kann...or...can't? "]
[Site "SchemingMind.com"]
[Date "2022.10.20"]
[Round "-"]
[White "witkatz"]
[Black "Schaakmaatje"]
[Result "1/2-1/2"]
[WhiteCountry "GER"]
[BlackCountry "NED"]
[WhiteElo "1807"]
[WhiteRD "71"]
[BlackElo "1989"]
[BlackRD "140"]
[GameID "727619"]

1. e4 c6 2. d4 d5 3. Nd2 dxe4 4. Nxe4 Bf5 5. Ng3 Bg6 6. Bc4 e6 7. c3 Nf6 8. Bg5 Nbd7 9. Nf3 Be7 10. O-O O-O
11. Nh4 Nb6 12. Nxg6 hxg6 13. Bb3 Nfd5 14. Bxe7 Qxe7 15. Re1 Qd7 16. Qd3 Qc7 17. c4 Nf4 18. Qe3 Rad8 19. Ne4 e5 20. dxe5 Qxe5
21. Rad1 Ne6 22. Qc3 Rxd1 23. Bxd1 Qxc3 24. Nxc3 Nxc4 25. Bb3 Nxb2 26. Bxe6 fxe6 27. Rxe6 Rf6 28. Re7 Rf7 29. Re8+ Rf8=
1/2-1/2

[Event "Caro-Kann...or...can't? "]
[Site "SchemingMind.com"]
[Date "2022.10.23"]
[Round "-"]
[White "Wojciech  Langer"]
[Black "John Hamer"]
[Result "1-0"]
[WhiteCountry "INT"]
[BlackCountry "ENG"]
[WhiteElo "1620"]
[WhiteRD "91"]
[BlackElo "1811"]
[BlackRD "69"]
[GameID "727723"]

1. e4 c6 2. d4 d5 3. Nd2 g6 4. exd5 cxd5 5. Ngf3 Bg7 6. Nb3 Nf6 7. Be2 O-O 8. O-O Nc6 9. c3 Qc7 10. Re1 Rd8
11. Bd3 h6 12. Qc2 Bd7 13. h3 Rac8 14. Nc5 Be8 15. Bd2 b6 16. Nb3 a5 17. a4 Qd7 18. Re3 g5 19. Rae1 e6 20. Nxg5 hxg5
21. Rg3 Nb4 22. Qb1 Nh5 23. Rxg5 Qxa4 24. Rxh5 Nc6 25. Bb5 Qxb5 26. Qh7+ Kf8 27. Rg5 Ke7 28. Rxg7 Qxb3 29. Bg5+ Kd6 30. Bf4+ Kd7
31. Rxf7+ Ne7 32. Rxe7+ Kc6 33. R7xe6+ Kb5 34. Qd3+ Rc4 35. Bc7 Bc6 36. Bxd8 a4 37. R6e2 Ba8 38. Re6 Bc6 39. Qg6 Qa2 40. Rxc6 Rxc6
41. Re6 Rxe6 42. Qxe6 Qa1+ 43. Kh2 Qa2 44. Qxb6+ Kc4 45. Be7 Kd3 46. Qb5+ Kc2 47. h4 Kd2 48. h5
1-0

[Event "Caro-Kann...or...can't? "]
[Site "SchemingMind.com"]
[Date "2022.10.22"]
[Round "-"]
[White "Clive Everill"]
[Black "John Hamer"]
[Result "1-0"]
[WhiteCountry "CZE"]
[BlackCountry "ENG"]
[WhiteElo "1715"]
[WhiteRD "59"]
[BlackElo "1844"]
[BlackRD "73"]
[GameID "727725"]

1. e4 c6 2. d4 d5 3. Nd2 g6 4. c3 Bg7 5. Bd3 Nd7 6. Ngf3 dxe4 7. Nxe4 Ngf6 8. O-O O-O 9. h3 Qc7 10. Bg5 Re8
11. Re1 Nd5 12. a3 f5 13. Ned2 e5 14. dxe5 Nxe5 15. Nxe5 Bxe5 16. f4 Qb6+ 17. Kh1 Qxb2 18. Nc4 Qxc3 19. Nxe5 Be6 20. Qc1 Qd4
21. Bc4 Rac8 22. Ra2 b5 23. Bb3 Qb6 24. Rc2 c5 25. Bxd5 Bxd5 26. Nd7 Rxe1+ 27. Qxe1 Qc6 28. Nf6+ Kf7 29. Re2 Be6 30. Qc3 Qd6
31. Rd2 Qc6 32. Nxh7 Qe8 33. Qf6+ Kg8 34. Bh6 Rc7 35. Rd8
1-0

[Event "Caro-Kann...or...can't? "]
[Site "SchemingMind.com"]
[Date "2022.10.22"]
[Round "-"]
[White "John Hamer"]
[Black "Clive Everill"]
[Result "1/2-1/2"]
[WhiteCountry "ENG"]
[BlackCountry "CZE"]
[WhiteElo "1844"]
[WhiteRD "73"]
[BlackElo "1715"]
[BlackRD "59"]
[GameID "727726"]

1. e4 c6 2. d4 d5 3. Nd2 h6 4. Ngf3 dxe4 5. Nxe4 Bf5 6. Ng3 Bh7 7. Bd3 Bxd3 8. cxd3 e6 9. O-O Nf6 10. Ne4 Nd5
11. Re1 Bb4 12. Bd2 Bxd2 13. Qxd2=
1/2-1/2

[Event "Caro-Kann...or...can't? "]
[Site "SchemingMind.com"]
[Date "2022.10.22"]
[Round "-"]
[White "Schaakmaatje"]
[Black "John Hamer"]
[Result "1-0"]
[WhiteCountry "NED"]
[BlackCountry "ENG"]
[WhiteElo "1989"]
[WhiteRD "140"]
[BlackElo "1844"]
[BlackRD "73"]
[GameID "727727"]

1. e4 c6 2. d4 d5 3. Nd2 dxe4 4. Nxe4 Nd7 5. Nf3 Ngf6 6. Nxf6+ Nxf6 7. Ne5 Be6 8. c3 Bf5 9. Qb3 Nd5 10. Qxb7 Qc8
11. Qxc6+ Qxc6 12. Nxc6 e6 13. Bb5 a6 14. Ba4 Nb6 15. Bb3 Bd6 16. O-O O-O 17. Re1 a5 18. a4 Rfd8 19. Ne5 h6 20. g4 Bh7
21. h4 Re8 22. g5 hxg5 23. hxg5 Nd5 24. g6 Bxg6 25. Nxg6 fxg6 26. Bg5 Kf7 27. Bxd5 exd5 28. Re3 Reb8 29. Ra2 Rh8 30. Kg2 Rh2+
31. Kf3 Rh3+ 32. Kg4 Rah8 33. Rxh3 Rb8 34. Re3 Kg8 35. f4 Kf7 36. Re1 Rh8 37. Kg3 Rh5 38. Kg2 Bf8 39. Rh1 Ke6 40. Rxh5 gxh5
41. Ra1 Bd6 42. Kf3 Kf5 43. Bd8 Bxf4 44. Bxa5 g6 45. Rh1 Bh6 46. Bd8 Bf4 47. a5 Bd6 48. a6 Bb8 49. Bc7 Ba7 50. Re1 g5
51. Re5+ Kg6 52. Bd8 Bb8 53. Rxg5+ Kh6 54. Rxd5 Ba7 55. Rd6+
1-0

[Event "Caro-Kann...or...can't? "]
[Site "SchemingMind.com"]
[Date "2022.10.22"]
[Round "-"]
[White "John Hamer"]
[Black "Schaakmaatje"]
[Result "1-0"]
[WhiteCountry "ENG"]
[BlackCountry "NED"]
[WhiteElo "1844"]
[WhiteRD "73"]
[BlackElo "1989"]
[BlackRD "140"]
[GameID "727728"]

1. e4 c6 2. d4 d5 3. Nd2 dxe4 4. Nxe4 Bf5 5. Ng3 Bg6 6. h4 h6 7. Nf3 Nd7 8. Bc4 e6 9. O-O Ngf6 10. Qe2 Be7
11. Re1 Nd5 12. Bd3 Bxd3 13. Qxd3 Bxh4 14. Nf5 Bf6 15. Nd6+ Kf8 16. Nxb7 Qc7 17. Qa3+ Be7 18. Nc5 Nxc5 19. dxc5 Rb8 20. Nd4 Nb4
21. Nxe6+ fxe6 22. Qf3+ Bf6 23. Bf4 Qb7 24. Qe2 Re8 25. c3 Nd5 26. Bd6+ Kg8 27. Rad1 Qf7 28. c4 Ne7 29. Rd3 Ng6 30. b3 Kh7
31. Qe4 Kg8 32. Qxc6
1-0

[Event "Caro-Kann...or...can't? "]
[Site "SchemingMind.com"]
[Date "2022.10.23"]
[Round "-"]
[White "John Hamer"]
[Black "witkatz"]
[Result "1/2-1/2"]
[WhiteCountry "ENG"]
[BlackCountry "GER"]
[WhiteElo "1811"]
[WhiteRD "69"]
[BlackElo "1790"]
[BlackRD "72"]
[GameID "727729"]

1. e4 c6 2. d4 d5 3. Nd2 dxe4 4. Nxe4 Nd7 5. Nf3 Ngf6 6. Ng3 e6 7. Bd3 g6 8. O-O Bg7 9. c3 O-O 10. Re1 b6
11. Bf4 c5 12. Bd6 Re8 13. Qa4 Bb7 14. Rac1 cxd4 15. cxd4 Bxf3 16. gxf3 a6 17. Bc7 Qe7 18. Rc6 b5 19. Qc2 Nd5 20. Bd6 Qd8
21. Rd1 Nb8 22. Bc7 Nxc7 23. Rxc7 Nd7 24. Be4 Rc8 25. Rc3 Nb6 26. Qd3 Na4 27. Rb3 Rc7 28. Qd2 f5 29. Bc2 Rd7 30. Ne2 e5
31. d5 Rd6 32. Rb4 Nb6 33. Bb3 Qd7 34. Nc3 e4 35. Qe2=
1/2-1/2

[Event "Caro-Kann...or...can't? "]
[Site "SchemingMind.com"]
[Date "2022.10.23"]
[Round "-"]
[White "witkatz"]
[Black "John Hamer"]
[Result "1/2-1/2"]
[WhiteCountry "GER"]
[BlackCountry "ENG"]
[WhiteElo "1807"]
[WhiteRD "71"]
[BlackElo "1844"]
[BlackRD "73"]
[GameID "727730"]

1. e4 c6 2. d4 d5 3. Nd2 dxe4 4. Nxe4 Nd7 5. Qe2 e6 6. Nf3 Ngf6 7. Bg5 h6 8. Nxf6+ Nxf6 9. Be3 Bd6 10. g3 O-O
11. Bg2 Qa5+ 12. c3 Re8 13. O-O Bd7 14. Qd2 Qc7 15. c4 Rad8 16. c5 Be7 17. Bf4 Qc8 18. Ne5 a6 19. Bxh6 gxh6 20. Qxh6 Nh7
21. Be4 Nf6 22. Qg5+ Kf8 23. h4 b6 24. Qh6+ Kg8 25. Qg5+ Kf8=
1/2-1/2

[Event "Caro-Kann...or...can't? "]
[Site "SchemingMind.com"]
[Date "2022.11.01"]
[Round "-"]
[White "David Perna-Fraser"]
[Black "Wojciech  Langer"]
[Result "1-0"]
[WhiteCountry "CAN"]
[BlackCountry "INT"]
[WhiteElo "2095"]
[WhiteRD "90"]
[BlackElo "1620"]
[BlackRD "91"]
[GameID "727820"]

1. e4 c6 2. d4 d5 3. Nd2 e5 4. dxe5 dxe4 5. Nxe4 Qxd1+ 6. Kxd1 Bf5 7. Ng3 Be6 8. f4 Nd7 9. f5 Bd5 10. c4 Bxc4
11. Bxc4
1-0

[Event "Caro-Kann...or...can't? "]
[Site "SchemingMind.com"]
[Date "2022.11.01"]
[Round "-"]
[White "Clive Everill"]
[Black "David Perna-Fraser"]
[Result "0-1"]
[WhiteCountry "CZE"]
[BlackCountry "CAN"]
[WhiteElo "1684"]
[WhiteRD "57"]
[BlackElo "2070"]
[BlackRD "78"]
[GameID "727821"]

1. e4 c6 2. d4 d5 3. Nd2 g6 4. c3 Bg7 5. Bd3 Nh6 6. h4 e5 7. dxe5 Bxe5 8. Qc2 Ng4 9. Ndf3 Bg7 10. Bg5 f6
11. Bf4 Ne5 12. Bxe5 fxe5 13. O-O-O Qa5 14. Kb1 Be6 15. exd5 Bxd5 16. b3 Nd7 17. c4 Bf7 18. Ng5 e4 19. Bxe4 Qe5 20. Kc1 Qa1+
21. Kd2 Qf6 22. N1f3 Qf4+ 23. Ke2 O-O-O 24. g3 Qf6 25. Rd2 Bg8 26. Rhd1 h6 27. Rd6 Qe7 28. Re6 Bxe6 29. Nxe6 Qxe6 30. Nd4 Bxd4
31. Rxd4 Rhe8 32. f3 Qh3 33. Qd3 Qxg3 34. Kd2 Qf2+ 35. Kc1 Qe1+ 36. Kb2 Ne5 37. Rxd8+ Rxd8 38. Qb1 Rd1
0-1

[Event "Caro-Kann...or...can't? "]
[Site "SchemingMind.com"]
[Date "2022.11.01"]
[Round "-"]
[White "David Perna-Fraser"]
[Black "Clive Everill"]
[Result "1-0"]
[WhiteCountry "CAN"]
[BlackCountry "CZE"]
[WhiteElo "2070"]
[WhiteRD "78"]
[BlackElo "1684"]
[BlackRD "57"]
[GameID "727822"]

1. e4 c6 2. d4 d5 3. Nd2 g6 4. e5 Nh6 5. h3 Bg7 6. Ngf3 Nd7 7. Nb3 a5 8. a4 O-O 9. Be2 Re8 10. O-O Nf8
11. Nc5 b6 12. Nd3 Ne6 13. Nf4 Qc7 14. Nxe6 Bxe6 15. Ng5 Bd7 16. Bf4 e6 17. Qd2 Nf5 18. g4 Ne7 19. Nf3 Reb8 20. Bh6 Qd8
21. Bxg7 Kxg7 22. Qf4 Ng8 23. h4 f5 24. gxf5 exf5 25. e6 Bxe6 26. Ng5 Bd7 27. Rae1 Qf6 28. Qc7 Rd8 29. Bd3 Kh6 30. Qf4 Kg7
31. Qc7 Kh6 32. Re3 Qxd4 33. Nf7+ Kg7 34. Nxd8 Nf6 35. Ne6+
1-0

[Event "Caro-Kann...or...can't? "]
[Site "SchemingMind.com"]
[Date "2022.11.01"]
[Round "-"]
[White "Schaakmaatje"]
[Black "David Perna-Fraser"]
[Result "1-0"]
[WhiteCountry "NED"]
[BlackCountry "CAN"]
[WhiteElo "2054"]
[WhiteRD "138"]
[BlackElo "2070"]
[BlackRD "78"]
[GameID "727823"]

1. e4 c6 2. d4 d5 3. Nd2 Nf6 4. e5 Ng8 5. Bd3 e6 6. Ngf3 Ne7 7. O-O Na6 8. c3 Ng6 9. Re1 c5 10. g3 h5
11. Bxg6 fxg6 12. Nh4 g5 13. Ng6 Rh6 14. Nxf8 Kxf8 15. Nf3 Rg6 16. Qd3 Kf7 17. Be3 h4 18. Rf1 cxd4 19. cxd4 Nb4 20. Qd2 a5
21. Bxg5 Rxg5 22. Nxg5+ Ke7 23. Qf4 Qf8 24. Qxh4 Kd7 25. a3 Nc6 26. Qg4 Qe7 27. Rac1
1-0

[Event "Caro-Kann...or...can't? "]
[Site "SchemingMind.com"]
[Date "2022.11.01"]
[Round "-"]
[White "David Perna-Fraser"]
[Black "Schaakmaatje"]
[Result "0-1"]
[WhiteCountry "CAN"]
[BlackCountry "NED"]
[WhiteElo "2018"]
[WhiteRD "77"]
[BlackElo "2102"]
[BlackRD "133"]
[GameID "727824"]

1. e4 c6 2. d4 d5 3. Nd2 dxe4 4. Nxe4 Nd7 5. Bd3 Ngf6 6. Nxf6+ Nxf6 7. c3 Bg4 8. f3 Bd7 9. Ne2 e6 10. O-O Bd6
11. Qb3 Qc7 12. Bg5 h6 13. Bxf6 gxf6 14. f4 f5 15. Rf3 O-O-O 16. Raf1 Kb8 17. a4 h5 18. c4 c5 19. d5 a6 20. Qc3 Bxa4
21. Ra1 Bd7 22. Qf6 Bc8 23. dxe6 fxe6 24. Qh4 Qg7 25. Rb1 Qg4 26. Qf2 h4 27. h3 Qg7 28. Kh1 Bd7 29. Re3 Qf6 30. Nc3 Qd4
31. Rf1 Bc6 32. Ne2 Qf6 33. b3 Rde8 34. Ng1 Bd7 35. Nf3 Bxf4 36. Re2 Bd6 37. Nd2 Bg3 38. Qg1 b6 39. b4 Qd4 40. Qxd4 cxd4
41. c5 bxc5 42. bxc5 Bb5 43. Bxb5 axb5 44. Rb1 Kc7
0-1

[Event "Caro-Kann...or...can't? "]
[Site "SchemingMind.com"]
[Date "2022.11.01"]
[Round "-"]
[White "John Hamer"]
[Black "David Perna-Fraser"]
[Result "1/2-1/2"]
[WhiteCountry "ENG"]
[BlackCountry "CAN"]
[WhiteElo "1772"]
[WhiteRD "70"]
[BlackElo "2070"]
[BlackRD "78"]
[GameID "727825"]

1. e4 c6 2. d4 d5 3. Nd2 g6 4. Ngf3 Bg7 5. Bd3 dxe4 6. Nxe4 Nf6 7. Ng3 O-O 8. O-O Bg4 9. Re1 e6 10. Be3 h5
11. c3 h4 12. Nf1 h3 13. gxh3 Bxh3 14. Bg5 Qa5 15. Ne3 Nbd7 16. Qe2 a6 17. Bf4 Qh5 18. Bd6 Rfd8 19. Kh1 Ng4 20. Rg1 Nxe3
21. fxe3 Bg4 22. Rg3 Nf6 23. Be7 Rd7 24. Bxf6 Bxf6 25. Qf2 Bxf3+ 26. Rxf3=
1/2-1/2

[Event "Caro-Kann...or...can't? "]
[Site "SchemingMind.com"]
[Date "2022.11.01"]
[Round "-"]
[White "David Perna-Fraser"]
[Black "John Hamer"]
[Result "1-0"]
[WhiteCountry "CAN"]
[BlackCountry "ENG"]
[WhiteElo "2018"]
[WhiteRD "77"]
[BlackElo "1770"]
[BlackRD "71"]
[GameID "727826"]

1. e4 c6 2. d4 d5 3. Nd2 dxe4 4. Nxe4 Nd7 5. Nf3 Ngf6 6. Nxf6+ Nxf6 7. Be2 e6 8. O-O Be7 9. c3 O-O 10. Qc2 Bd7
11. Ne5 Qc7 12. f4 Rad8 13. Nxd7 Nxd7 14. f5 Bd6 15. h3 Nf6 16. Bg5 c5 17. fxe6 fxe6 18. Bd3 Kh8 19. Bxf6 Bh2+ 20. Kh1 gxf6
21. Bxh7 f5 22. Bxf5 exf5 23. Rxf5 Rxf5 24. Qxf5 Bf4 25. Qf6+ Kg8 26. Rf1 Bd2 27. Rf5 Qd6 28. Qf7+ Kh8 29. Rf6 Qg3 30. Qh5+ Kg8
31. Rg6+
1-0

[Event "Caro-Kann...or...can't? "]
[Site "SchemingMind.com"]
[Date "2022.11.01"]
[Round "-"]
[White "David Perna-Fraser"]
[Black "witkatz"]
[Result "1-0"]
[WhiteCountry "CAN"]
[BlackCountry "GER"]
[WhiteElo "2070"]
[WhiteRD "78"]
[BlackElo "1758"]
[BlackRD "74"]
[GameID "727827"]

1. e4 c6 2. d4 d5 3. Nd2 dxe4 4. Nxe4 Nf6 5. Nxf6+ exf6 6. c3 Bd6 7. Bd3 O-O 8. Qh5 g6 9. Qh6 c5 10. h4 Re8+
11. Ne2 Bg4 12. h5 Bxh5 13. Rxh5
1-0

[Event "Caro-Kann...or...can't? "]
[Site "SchemingMind.com"]
[Date "2022.11.01"]
[Round "-"]
[White "witkatz"]
[Black "David Perna-Fraser"]
[Result "1/2-1/2"]
[WhiteCountry "GER"]
[BlackCountry "CAN"]
[WhiteElo "1776"]
[WhiteRD "75"]
[BlackElo "2018"]
[BlackRD "77"]
[GameID "727828"]

1. e4 c6 2. d4 d5 3. Nd2 g6 4. c3 Bh6 5. Ngf3 Bg4 6. e5 e6 7. h3 Bxf3 8. Nxf3 Bxc1 9. Qxc1 h5 10. Bd3 Nh6
11. O-O Nd7 12. Ng5 Qe7 13. Qe3 O-O-O 14. f4 Nf5 15. Bxf5 gxf5 16. a3 h4 17. Nf3 Rdg8 18. Rf2 Rg3 19. Kh2 Rhg8 20. b3 Qf8
21. c4 Qg7 22. Raa2 Rxh3+ 23. gxh3 Qg3+ 24. Kh1 Qxh3+ 25. Rh2 Qf1+ 26. Ng1 Rg3 27. Qf2 Rxg1+ 28. Qxg1 Qf3+ 29. Qg2 Qd1+ 30. Qg1 Qf3+
31. Qg2 Qd1+ 32. Qg1 Qf3+ 33. Qg2=
1/2-1/2

[Event "Caro-Kann...or...can't? "]
[Site "SchemingMind.com"]
[Date "2022.11.01"]
[Round "-"]
[White "Wojciech  Langer"]
[Black "William Lindberg"]
[Result "0-1"]
[WhiteCountry "INT"]
[BlackCountry "USA"]
[WhiteElo "1624"]
[WhiteRD "95"]
[BlackElo "2459"]
[BlackRD "71"]
[GameID "727851"]

1. e4 c6 2. d4 d5 3. Nd2 dxe4 4. Bc4 Qxd4 5. c3 Qe5 6. Qe2 Nf6 7. Ngf3 Qf5 8. Nd4 Qg6 9. f3 e5 10. N4b3 b5
11. Bxb5 cxb5 12. Qxb5+ Nfd7 13. Rg1 Ba6 14. Qd5 Qb6 15. Rh1 Qe3+ 16. Kd1 Qe2+ 17. Kc2 Bd3+
0-1